| 000 | 00387nam a2200121Ia 4500 | ||
|---|---|---|---|
| 008 | 220616s9999||||xx |||||||||||||| ||und|| | ||
| 100 | _aFicarra, Matteo||Rückert, Désirée||Weiss, Antilia||Weiss, Christoph | ||
| 245 | 0 | _aDigitalisation in Europe 2020-2021 | |
| 546 | _aEnglish[eng] | ||
| 650 | _aBusiness & Economics||Finance | ||
| 700 | _aEuropean Investment Bank | ||
| 942 | _cEB | ||
| 999 |
_c21245 _d21245 |
||